Central Library OPAC University of Rajshahi

এইচ. রাইডার হ্যাগার্ডে'র ক্লিওপেট্রা / (Record no. 48659)

MARC details
000 -LEADER
fixed length control field 01013nam a2200241 a 4500
001 - CONTROL NUMBER
control field 48659
003 - CONTROL NUMBER IDENTIFIER
rucl marc code BD-RjUL
005 - DATE AND TIME OF LATEST TRANSACTION
control field 20211209054549.0
008 - FIXED-LENGTH DATA ELEMENTS--GENERAL INFORMATION
fixed length control field 160814s1982 bg ||||| |||| 00| f ben d
020 ## - INTERNATIONAL STANDARD BOOK NUMBER
Terms of availability : Tk. 35.00
035 ## - SYSTEM CONTROL NUMBER
System control number (BD-RjUL)48778
040 ## - CATALOGING SOURCE
Original cataloging agency BD-RjUL
Language of cataloging ben
Transcribing agency BD-RjUL
041 ## - LANGUAGE CODE
Language code of text/sound track or separate title ben
082 ## - DEWEY DECIMAL CLASSIFICATION NUMBER
Edition number 23
Classification number 823
Author mark and year HYH 1982
100 ## - MAIN ENTRY--PERSONAL NAME
Personal name হ্যাগার্ড, এইচ. রাইডার
9 (RLIN) 146915
245 10 - TITLE STATEMENT
Title এইচ. রাইডার হ্যাগার্ডে'র ক্লিওপেট্রা /
Statement of responsibility, etc. এইচ. রাইডার হ্যাগার্ড ; মোহাম্মদ নূরুদ্দিন অনূদিত
260 ## - PUBLICATION, DISTRIBUTION, ETC. (IMPRINT)
Place of publication, distribution, etc. ঢাকা :
Name of publisher, distributor, etc. বই মঞ্চ,
Date of publication, distribution, etc. ১৯৮২
300 ## - PHYSICAL DESCRIPTION
Pagination ৩২৪ পৃ.
Size ১৯ সেমি
650 ## - SUBJECT ADDED ENTRY--TOPICAL TERM
Topical term or geographic name as entry element ইংরেজী উপন্যাস
9 (RLIN) 120370
Topical term or geographic name as entry element English Fiction
9 (RLIN) 146916
700 ## - ADDED ENTRY--PERSONAL NAME
Personal name নূরুদ্দিন, মোহাম্মদ, অনূবাদক
942 ## - ADDED ENTRY ELEMENTS (KOHA)
Source of classification or shelving scheme Dewey Decimal Classification
Koha item type Books
Holdings
Lost status Source of classification or shelving scheme Damaged status Not for loan Collection code Permanent Location Current Location Shelving location Date acquired Source of acquisition Cost, normal purchase price Total Checkouts Full call number Date last seen Copy number Koha item type
  Dewey Decimal Classification     Fiction Central Library, University of Rajshahi Central Library, University of Rajshahi   10/04/1984 Books, A. P. 52.00   B 823 HYH 1982 14/08/2016 C-2 Books